centrifugal and axial flow pumps, (Record no. 545934)
[ view plain ]
| 000 -LEADER | |
|---|---|
| fixed length control field | 00425nam a22001337a 4500 |
| 082 ## - DEWEY DECIMAL CLASSIFICATION NUMBER | |
| Classification number | 621.67 |
| Author Mark | STE |
| -- | L-23, P-3 |
| 100 ## - MAIN ENTRY--PERSONAL NAME | |
| Personal name | Stepanoff, A. J. |
| 9 (RLIN) | 41910 |
| 245 ## - TITLE STATEMENT | |
| Title | centrifugal and axial flow pumps, |
| Remainder of title | Theory, design ans application |
| Statement of responsibility, etc. | Stepanoff, A. J. |
| 260 ## - PUBLICATION, DISTRIBUTION, ETC. | |
| Place of publication, distribution, etc. | New york |
| Name of publisher, distributor, etc. | John Wiley & sons |
| Date of publication, distribution, etc. | 1948 |
| 300 ## - PHYSICAL DESCRIPTION | |
| Extent | x, 428 p. |
| Other physical details | ill. |
| Dimensions | 25 cm. |
| 526 ## - STUDY PROGRAM INFORMATION NOTE | |
| Program name | 0 |
| Interest level | 0 |
| Reading level | 0 |
| Title point value | 621_670000000000000_STE |
| 650 ## - SUBJECT ADDED ENTRY--TOPICAL TERM | |
| Topical term or geographic name entry element | MCE |
| 9 (RLIN) | 379 |
| 942 ## - ADDED ENTRY ELEMENTS (KOHA) | |
| Source of classification or shelving scheme | |
| Koha item type | Book |
| Withdrawn status | Lost status | Source of classification or shelving scheme | Damaged status | Not for loan | Permanent Location | Current Location | Date acquired | Total Checkouts | Full call number | Barcode | Date last seen | Price effective from | Koha item type |
|---|---|---|---|---|---|---|---|---|---|---|---|---|---|
| Military College of Engineering (MCE) | Military College of Engineering (MCE) | 05/30/2014 | 621.67 STE | MCE-29529 | 05/30/2014 | 05/30/2014 | Book |
